Normal view
MARC view
- MICROSOFT VISUAL BASIC, BASIC (COMPUTER PROGRAM LANGUAGE).VISUAL BASIC . NET
Entry Topical Term
001 - CONTROL NUMBER
- control field: 65986
003 - CONTROL NUMBER IDENTIFIER
- control field: NUST
005 - DATE AND TIME OF LATEST TRANSACTION
- control field: 20210628203523.0
008 - FIXED-LENGTH DATA ELEMENTS
- fixed length control field: 210628|| aca||aabn | a|a d
040 ## - CATALOGING SOURCE
- Original cataloging agency: NUST
- Transcribing agency: NUST
150 ## - HEADING--TOPICAL TERM
- Topical term or geographic name entry element: MICROSOFT VISUAL BASIC, BASIC (COMPUTER PROGRAM LANGUAGE).VISUAL BASIC . NET
670 ## - SOURCE DATA FOUND
- Source citation: Work cat.: (NUST): Dale, Nell:Mcmillan, Michael:Weems, Chip 65985, Programming and problem solving with visual basic . Net, 2002
